Profesor Josef Macek. Z vědeckého života.
Josef Macek, profesor národného hospodárstva na Vysokej škole obchodnej v Prahe patril v 20.-40. rokoch k výrazným osobnostiam politického, ekonomického a sociálno-vedeckého života v ČSR. Prehľad jeho pedagogickej a vedeckej činnosti, prínosov pre čs. ekonomickú vedu. Jeho činnosť ako politika a pub...
Uložené v:
| Hlavný autor: | |
|---|---|
| Ďalší autori: | |
| Médium: | Kapitola |
| Jazyk: | Czech |
| Predmet: | |
| Tagy: |
Žiadne tagy, Buďte prvý, kto otaguje tento záznam!
|
MARC
| LEADER | 00000naa a2200000 4500 | ||
|---|---|---|---|
| 001 | r002173 | ||
| 005 | 20220819175721.4 | ||
| 041 | 0 | |a cze | |
| 044 | |a CZ | ||
| 245 | 1 | 0 | |a Profesor Josef Macek. |b Z vědeckého života. |c J. Habr, J. Jankovský |
| 520 | |a Josef Macek, profesor národného hospodárstva na Vysokej škole obchodnej v Prahe patril v 20.-40. rokoch k výrazným osobnostiam politického, ekonomického a sociálno-vedeckého života v ČSR. Prehľad jeho pedagogickej a vedeckej činnosti, prínosov pre čs. ekonomickú vedu. Jeho činnosť ako politika a publicistu. | ||
| 610 | 2 | 0 | |a Macek, J. |
| 610 | 2 | 0 | |a ekonómovia |
| 610 | 2 | 0 | |a Česko |
| 610 | 2 | 0 | |a veda ekonomická |
| 610 | 2 | 0 | |a dejiny myslenia ekonomického |
| 100 | 1 | |a Habr, J. | |
| 700 | 1 | |a Jankovský, J. | |